000 00208 a2200097 4500
001 13729
100 _aRobertson, T
245 _aWalker, R N
260 _aLondon
_bEvens Brothers Ltd
_c
090 _c10724
_d10724
942 _aNUST-CAE
_cM
_c808
999 _c248802
_d248802